| 000 | 00777cam a2200193 4500 | ||
|---|---|---|---|
| 001 | X103594 | ||
| 008 | 000000n2000 000 0 eng u | ||
| 035 | _a(Sirsi) u103594 | ||
| 245 | _aReprotech Ltd v East Sussex CC | ||
| 260 | _c2000 | ||
| 490 |
_aNew Property Cases _v [1999] NPC 109 |
||
| 520 | _aQBD 30 July 1999. An informal application for planning permission upon which the Ipa acted is binding on them. The generation of electricity is held to be ancillary to the principal use of waste disposal. TAKEN FROM JOURNAL HEADNOTE-NO PHOTOCOPYING ALLOWED. | ||
| 650 | _aREPROTECH LTD V E SUSSEX CC | ||
| 650 | _aTOWN AND COUNTRY PLANNING ACT 1990 | ||
| 650 | _aELECTRICITY ACT 1989 | ||
| 650 | _aWASTE DISPOSAL | ||
| 690 | _aWASTE MANAGEMENT-CASE LAW | ||
| 942 | _n0 | ||
| 999 |
_c62229 _d62229 |
||